000 00302nam a22001337a 4500
008 171023b xxu||||| |||| 00| 0 eng d
020 _a02560332262
041 _aeng
080 _a338
100 _a54
101 _aMO
245 _aPRODUCTION AND OPERATIONS MANAGEMENT
_cCHASE,R.B
942 _2udc
_cBK
999 _c35465
_d35465